Foundations of finance : (Record no. 170383)

MARC details
000 -LEADER
fixed length control field 00752nam a2200217 4500
005 - DATE AND TIME OF LATEST TRANSACTION
control field 20191213152739.0
010 ## - LCCN (DPL NO)
LC control number ENG-127134
020 ## - INTERNATIONAL STANDARD BOOK NUMBER
International Standard Book Number 9789389552218
Terms of availability 725.00
035 ## - SYSTEM CONTROL NUMBER
System control number EN-110666
037 ## - SOURCE OF ACQUISITION
Source of stock number/acquisition DBAD/PUB
082 ## - DEWEY DECIMAL CLASSIFICATION NUMBER
Classification number 657.833
100 ## - MAIN ENTRY--PERSONAL NAME
Personal name Keown, Arthur J.
245 ## - TITLE STATEMENT
Title Foundations of finance :
Remainder of title by Arthur j.Keown, John D.Martin [and] J.William Petty
Statement of responsibility, etc the logic and practice of financial management /
260 ## - PUBLICATION, DISTRIBUTION, ETC. (IMPRINT)
Place of publication, distribution, etc Noida
Name of publisher, distributor, etc Pearson India Education
Date of publication, distribution, etc 2020
270 ## - ADDRESS
Address 15th Floor, Tower-b, World Trade Tower, Plot No.-1, Block -C, Sector 16
City Noida
Postal code 201301
300 ## - PHYSICAL DESCRIPTION
Extent 576p.
Dimensions 27cm(pbk)
500 ## - GENERAL NOTE
General note Includes index
700 ## - ADDED ENTRY--PERSONAL NAME
Personal name Martin, John D.
700 ## - ADDED ENTRY--PERSONAL NAME
Personal name Petty, J.William
942 ## - ADDED ENTRY ELEMENTS (KOHA)
Source of classification or shelving scheme Dewey Decimal Classification
Item type English Books
Classification part 657.833
Call number suffix KEO
Holdings
Withdrawn status Lost status Not for loan Collection code Home library Current library Date acquired Source of acquisition Cost, normal purchase price Full call number Barcode Copy number Cost, replacement price Koha item type
      Non-fiction Sarojini Nagar Sarojini Nagar 13/12/2019 DBAD/PUB 725.00 657.833 KEO EN-110666 1 725.00 English Books

© Delhi Public Library
Hit Counter
free hit counter